00226nam a2200097Ia 4500008004100000082001200041100001500053245004200068260000900110300000900119190415s9999 xx 000 0 und d aRG.0064 aGopi, K.N. 0aUrban growth and industrial locations c1979 a96p.